|
|
|
|
| LEADER |
00964nam a2200277 a 4500 |
| 001 |
000064695 |
| 003 |
CZ BrMZK |
| 005 |
20210528131755.0 |
| 007 |
ta |
| 008 |
950313s1996 xr g j cze d |
| 015 |
|
|
|a cnb000137821
|
| 040 |
|
|
|a BOA001
|b cze
|
| 072 |
|
7 |
|a 821-31/-34
|x Milostná, dobrodružná, fantastická próza
|2 Konspekt
|9 25
|
| 080 |
|
|
|a 821-322.4
|2 MRF
|
| 080 |
|
|
|a (0:82-322.4)
|2 MRF
|
| 100 |
1 |
|
|a Dark, Jason,
|d 1945-
|7 jn20000810032
|4 aut
|
| 245 |
1 |
0 |
|a Upíří letka útočí /
|c Jason Dark ; [překlad Pavel Sychra].
|
| 260 |
|
|
|a Brno :
|b MOBA,
|c 1996
|
| 300 |
|
|
|a 64 s. ;
|c 23 cm
|
| 490 |
1 |
|
|a Na stopě hrůzy John Sinclair ;
|v sv. 48 (5/96)
|
| 655 |
|
7 |
|a horory (povídky)
|7 fd132417
|2 czenas
|
| 700 |
1 |
|
|a Sychra, Pavel
|7 jx20031204025
|4 trl
|
| 830 |
|
0 |
|a Na stopě hrůzy John Sinclair
|0 s
|
| 910 |
|
|
|a BOA001
|b 2-1019.409
|
| 990 |
|
|
|a BK
|
| 996 |
6 |
|
|b 2610035178
|c 2-1019.409
|l MZK
|r Sklad / do 1 hodiny
|n 6
|p p.v.
|w 000064695
|u 000010
|a 1
|e BOA001
|j MZK50
|s P
|